Nietzsche y el cristianismo

Đã lưu trong:
Chi tiết về thư mục
Tác giả chính: Jaspers, Karl (Tác giả)
Định dạng: Sách
Ngôn ngữ:Tiếng Tây Ban Nha
Được phát hành: Buenos Aires Deucalión 1955
Phiên bản:1a. ed
Loạt:Colección Todo lo Nuevo, 7
Những chủ đề:
Các nhãn: Thêm thẻ
Không có thẻ, Là người đầu tiên thẻ bản ghi này!

MARC

LEADER 00000cam a2200000 a 4500
001 UCE6396
003 CL-VaPUC
008 150409e19550000ag |||||||||||||||||spa|d
082 0 4 |a 231.042  |b JAS  |2 21 
100 |a Jaspers, Karl  |e author  |9 334584 
245 1 0 |a Nietzsche y el cristianismo 
250 |a 1a. ed 
300 |a 110 p 
942 |c BK 
945 |d 20150409 10:07:00  |a arojas 
260 |a Buenos Aires  |b Deucalión  |c 1955 
650 0 |a Cristianismo  |9 257361 
650 0 |a Filosofía de la religión   |9 256017 
650 0 |a Religión y ciencia  |9 314470 
583 |a last modification  |c 20150409 10:07:00  |k Rodrigo Vera 
490 0 |a Colección Todo lo Nuevo, 7 
999 |c 358728  |d 358726 
952 |0 0  |1 0  |3 erb  |4 0  |6 231_042000000000000_JAS_1955  |7 0  |8 A  |9 467610  |a BIBEDU  |b BIBEDU  |i 5158427  |o 231.042 JAS 1955  |p 5158427  |r 2019-11-23  |w 2019-11-23  |y BK  |z Catalogado en:20150409  |k FIL